| 000 | 00341cam a22001331 4500 | ||
|---|---|---|---|
| 050 | 0 | 0 |
_aQD526 _b.C33 |
| 100 | 1 |
_aCarney, Thomas P., _d1915- |
|
| 245 | 1 | 0 | _aLaboratory fractional distillation. |
| 260 |
_aNew York, _bMacmillan, _c1949. |
||
| 300 | _avii, 259 p. | ||
| 500 | _aincludes index. | ||
| 650 | 0 | _bDistillation, Fractional | |
| 942 | _cGEN | ||
| 999 |
_c1946 _d1946 |
||